Kulturní rozpory kapitalismu

Guardado en:
Detalles Bibliográficos
Autor principal: Bell, Daniel
Otros Autores: Gjurič, Lukáš
Formato: Libro
Lenguaje:checo
Publicado: Praha Sociologické nakladatelství 1999
Colección:Studie 23. svazek
Materias:
Etiquetas: Agregar Etiqueta
Sin Etiquetas, Sea el primero en etiquetar este registro!

MARC

LEADER 00000nam a2200000 4500
001 c124875
005 20221102135210.2
020 |a 80-85850-84-2 
041 0 |a cze 
044 |a CZ 
245 1 0 |a Kulturní rozpory kapitalismu  |c Daniel Bell ; Přeložil: Lukáš Gjurič 
264 1 |a Praha  |b Sociologické nakladatelství  |c 1999 
300 |a 335 s. 
490 1 |a Studie  |v 23. svazek 
830 0 |a Studie  |v 23. svazek 
610 2 0 |a kapitalizmus 
610 2 0 |a kultúra 
610 2 0 |a náboženstvo 
610 2 0 |a spoločnosť postindustriálna 
610 2 0 |a politika 
610 2 0 |a kríza 
610 2 0 |a sociológia 
610 2 0 |a liberalizácia 
610 2 0 |a spoločnosť kapitalistická 
100 1 |a Bell, Daniel 
700 1 |a Gjurič, Lukáš